| 000 | 00715nam a2200253 a 4500 | ||
|---|---|---|---|
| 001 | 30280 | ||
| 003 | BD-RjUL | ||
| 005 | 20211209051535.0 | ||
| 008 | 140409t1954 nyua 001 0 eng d | ||
| 035 | _a(BD-RjUL)30365 | ||
| 040 |
_aDLC _cDLC _dm.c _dBD-RjUL _beng |
||
| 041 | _aeng | ||
| 082 | 0 | 4 |
_a152.8 _bGUP 1954 |
| 100 | 1 |
_aGuilford, J. P. _q(Joy Paul), _d1897-1987 _95571 |
|
| 245 | 1 | 0 |
_aPsychometric methods / _cJ. P. Guilford. |
| 250 | _a2nd ed. | ||
| 260 |
_aNew York : _bMcGraw-Hill, _cc1954. |
||
| 300 |
_a597 p. : _bill. ; _c24 cm |
||
| 504 | _aIncludes index. | ||
| 650 | 0 |
_aPsychometrics. _992067 |
|
| 830 | 0 |
_aMcGraw-Hill series in psychology _992300 |
|
| 942 |
_2ddc _cBK |
||
| 999 |
_c30280 _d30280 |
||